| 000 | 00931nam a2200241Ia 4500 | ||
|---|---|---|---|
| 003 | OSt | ||
| 005 | 20220923211632.0 | ||
| 006 | a|||||r|||| 00| 0 | ||
| 007 | ta | ||
| 008 | 220922b |||||||| |||| 00| 0 san d | ||
| 024 | _a35,871 | ||
| 037 | _cTextual | ||
| 040 |
_aARTS _cARTS _bsan |
||
| 041 |
_2san _asan |
||
| 082 | _aQ125:24:g, 15L8 | ||
| 100 |
_aसुरेश्वराचार्य _9161151 |
||
| 245 | 0 | _aतैत्तिरीयोपनिषद्धाष्यवार्तिक, राधेश्याम शास्त्री सम्पा | |
| 246 | _aTaittirīyopaniṣhaddhāṣhyavārtika, rādheshyām shāstrī sampā | ||
| 260 |
_aछण्क् _b उमींत ब्ींदक संबीउंदकंेे _c1978 |
||
| 300 |
_a231 _ccm. |
||
| 942 |
_hQ125:24:g, 15L8 _cTEXL _2CC |
||
| 999 |
_c301834 _d301834 |
||